00470nam a2200169Ia 4500003000900000008004100009040003300050041000800083080001300091100002900104245004900133246002200182260004200204300001500246650001400261700002500275LK-CoDNM010623t2007 xxu||||| |||| 00| 1 sin d aLK-CoDNMdLK-CoDNMeLK-CoDNM asin ax 92 DEN aRelapanava, Mahindaeed. aදෙනෝ දාහක් අතර aDeno dahak athara bSarasavi prakashakayoaNugegodac2007 b298, 22 cm aBiography aSuraweera, A.V.eed.